000 00971cam a22002654a 4500
001 16043163
005 20180301043508.0
008 100106s2010 nyua b 001 0 eng
010 _a 2010000139
020 _a9780735588745 (pbk. : alk. paper)
020 _a0735588740 (pbk. : alk. paper)
035 _a(OCoLC)ocn496609981
040 _aDLC
_cDLC
_dYDX
_dYDXCP
_dDLC
041 _aeng
043 _an-us---
080 _a346.7303 jos
082 0 0 _a346.7303 jos
_222
100 1 _a14
101 _ajur
245 1 4 _aThe law of torts :
_cJoseph W. Glannon.
504 _aIncludes bibliographical references and index.
906 _a7
_bcbc
_corignew
_d1
_eecip
_f20
_gy-gencatlg
942 _2ddc
_cBK
999 _c43797
_d43797